000 00504nam a22001817a 4500
003 MPLRDC
005 20220104163758.0
008 210129b ||||| |||| 00| 0 eng d
020 _a962-258-241-9
082 _a415.22 RD 1999
100 _aREADER'S DIGEST
245 _aHOME EMERGENCY MEDICAL GUIDE
_c
250 _aREVISED EDITION
260 _aAUSTRALIA
_bREADER'S DIGEST (AUSTRALIA) PTY LIMITED
_c1999
300 _b320
650 _aFIRST AID IN ILLNESS AND INJURY
942 _cBK
_o415.22 RD 1999
999 _c56638
_d56628